000 00942cab a2200337 4500
001 ABS50711
008 090401t1994 xxu||||| |||| 00| 0 eng d
035 _a(Sirsi) u17771
041 _aeng
245 _aInvestment update
260 _c1994
350 _a0
490 _aImmobilien Manager
_vApril 1994, 6-13(8)
520 _aBrings the investor up to date with tax and financial developments in Russia, Slovakia and the Czech Republic in particular, and throughout Eastern Europe generally.
650 _aBULGARIA
650 _aCROATIA
650 _aEASTERN EUROPE
650 _aESTONIA
650 _aFOREIGN INVESTMENT
650 _aHUNGARY
650 _aKAZAKHSTAN
650 _aKYRGYZISTAN
650 _aPOLAND
650 _aROMANIA
650 _aSLOVENIA
650 _aUZBEKISTAN
690 _aPROPERTY-PROPERTY FINANCE AND INVESTMENT
690 _aOVERSEAS-EUROPE
942 _n0
948 _c04/03/1997
999 _c11788
_d11788